| 000 | 01125nam0a22002891 4500 | ||
|---|---|---|---|
| 001 | rc\317557 | ||
| 005 | 20030307122220.4 | ||
| 010 |
_a5-7620-0267-5 _95000 |
||
| 035 | _a(NLR Aleph) 005552363 | ||
| 090 |
_a5824093 _c5824093 |
||
| 100 | _a20030307d1990 u |0rusy50 ca | ||
| 101 | 0 | _arus | |
| 102 | _aRU | ||
| 105 | _ay ||||||||| | ||
| 200 | 1 |
_aВетвистые глобусы _eСтихи восьмидесятых _fЕвгений Запека |
|
| 210 |
_aНовосибирск _cКн. изд-во _d1990 |
||
| 215 |
_a95 с. _d17 |
||
| 327 | 1 | _aСодерж.: Циклы: Родной город исчезал постепенно; Попытаемся произрасти; Бывает и такая судьба | |
| 464 | 0 | _12001#$aРодной город исчезал постепенно | |
| 464 | 0 | _12001#$aПопытаемся произрасти | |
| 464 | 0 | _12001#$aБывает и такая судьба | |
| 700 | 1 |
_aЗапека _bЕ. В. _gЕвгений Васильевич |
|
| 801 | 0 |
_aRU _bNLR _gpsbo |
|
| 801 | 1 |
_aRU _bELAR _2rusmarc |
|
| 852 |
_aNLR _j90-2/594 |
||
| 942 | _cBOOK | ||
| 980 | _aNB | ||